[Event "MVS-ch HT"]
[Site "Grossauheim"]
[Date "2000.11.26"]
[Round "6"]
[White "Rode, Heiko"]
[Black "Sendic, Burhanetin"]
[Result "0-1"]
[WhiteElo "1000"]
[BlackElo "1394"]
[PlyCount "96"]
[EventDate "2000.11.18"]
[EventType "swiss"]
[EventRounds "6"]
[EventCountry "GER"]
[SourceTitle "EXT 2003"]
[Source "ChessBase"]
[SourceDate "2002.11.25"]
[SourceVersion "1"]
[SourceVersionDate "2002.11.25"]
[SourceQuality "1"]

1. d4 e6 2. Nf3 Nf6 3. Nc3 c5 4. e4 cxd4 5. Nxd4 Bb4 6. Bd2 Bxc3 7. Bxc3 Nxe4 8. Bb4 Nc6 9. Nxc6 bxc6 10. Qd4 Nf6 11. Bd3 a5 12. Bd6 a4 13. 0-0 Qa5 14. b4 Qd5 15. Qxd5 Nxd5 16. c4 Ne7 17. Bxe7 Kxe7 18. b5 cxb5 19. cxb5 Bb7 20. f3 g6 21. Rac1 Rhc8 22. b6 Rxc1 23. Rxc1 Rc8 24. Rxc8 Bxc8 25. a3 Bb7 26. Bb5 Kd6 27. Bxa4 Bc6 28. Bc2 Kc5 29. Kf2 Kxb6 30. Ke3 Ka5 31. Kd4 Ba4 32. Bd3 Bb3 33. Kc3 Ka4 34. Kd4 Kxa3 35. Ke5 f5 36. Kf6 Kb4 37. Kg7 Kc3 38. Ba6 d5 39. Kxh7 d4 40. Kxg6 Bc4 41. h4 d3 42. Bxc4 Kxc4 43. h5 d2 44. h6 d1Q 45. h7 Qh1 46. Kg7 Qxg2+ 47. Kf7 Qh3 48. Kg7 Kd4 0-1